|
|
|
|
| LEADER |
00000cam a2200000 7i4500 |
| 001 |
0000001263 |
| 005 |
20140330.0 |
| 020 |
0 |
0 |
|a 9251009724
|
| 090 |
0 |
0 |
|a FAO634.9
|b CHI 1980
|
| 100 |
1 |
0 |
|a CHIJICKE
|h E. O.
|
| 245 |
1 |
0 |
|a Impact on soils of fast-growing species in lowland humid tropics
|c by E.O. Chijicke
|
| 260 |
0 |
0 |
|a Rome :
|b Food and Agriculture Organization of the United Nations ,
|c 1980
|
| 300 |
|
|
|a x, 111 p. :
|b ill. ;
|c 28 cm.
|
| 440 |
0 |
0 |
|a FAO forestry paper ; 21
|
| 500 |
0 |
0 |
|a Bibliography: [p. 40-45]
|
| 650 |
0 |
0 |
|a Fast growing trees
|x Soils
|z Tropics
|
| 650 |
0 |
0 |
|a Forest soils
|z Tropics
|
| 650 |
0 |
0 |
|a Forests and forestry
|z Tropics
|
| 650 |
0 |
0 |
|a Gmelina arborea
|x Soils
|
| 650 |
0 |
0 |
|a Pinus caribaea
|x Soils
|z Tropics
|
| 650 |
0 |
0 |
|a Tree farms
|x Tropics
|
| 710 |
1 |
1 |
|a Food and Agriculture Organization of the United Nations (FAO)
|
| 998 |
|
|
|a JPSM
|
| 999 |
|
|
|a 0000002171
|b Monograph
|c Food and Agriculture Organization
|e Default branch
|